| LEADER |
00949nam0a2200277 450 |
| 001 |
16867746 |
| 010 |
|
|
|a 2-7024-2088-5
|
| 100 |
|
|
|a 19940831d1996 u u0frey01 ba
|
| 101 |
0 |
|
|a fre
|
| 102 |
|
|
|a FR
|
| 200 |
0 |
|
|a Agatha Christie
|f Agatha Christie
|
| 207 |
|
1 |
|a
|
| 210 |
|
|
|a Paris
|c Libr. des Champs-Elysées
|d 1996
|
| 215 |
|
|
|a 1241 p.
|d 19 cm
|
| 225 |
1 |
|
|a Intégrales du Masque
|
| 327 |
|
|
|a Le Mystérieux Mr Quinn,Cinq heures vingt-cinq,La Maison du péril,Miss Marple au club du mardi,Le Couteau sous la nuque,Le Flambeau
|
| 464 |
|
|
|a Le Mystérieux Mr Quinn
|
| 464 |
|
|
|a Cinq heures vingt-cinq
|
| 464 |
|
|
|a La Maison du péril
|
| 464 |
|
|
|a Miss Marple au club du mardi
|
| 464 |
|
|
|a Le Couteau sous la nuque
|
| 464 |
|
|
|a Le Flambeau
|
| 700 |
|
0 |
|a Christie
|b Agatha
|f 1890-1976
|4 70
|
| 900 |
|
|
|a Policier
|
| 901 |
|
|
|a Adultes
|
| 995 |
|
|
|a Médiathèque
|c Médiathèque
|f 00156003967064
|h 00156003967064
|k RP CHR
|o p
|q a
|r az
|e Médiathèque
|